| 000 | 00691nam a2200253Ia 4500 | ||
|---|---|---|---|
| 001 | 25887 | ||
| 005 | 20240114000901.0 | ||
| 007 | ta | ||
| 008 | 060502s g b000 u 465 u | ||
| 040 | _aCotton College,Assam | ||
| 041 | _a465 | ||
| 082 |
_a321.2 _bSa 79 Vi |
||
| 100 | _aSastri, M.Satyanarayana . | ||
| 245 | 0 |
_aVillage Republics: A Retrospect & A Scheme / _cM.Satyanarayana Sastri. _hTextual Documents |
|
| 250 | _a1st ed. / | ||
| 260 |
_aBezwada : _bKala Peetham , _cNd. |
||
| 300 |
_a60p. ; _c22cm. |
||
| 653 | _aPolitical Science | ||
| 653 | _aRepublics | ||
| 653 | _aG-Political Science | ||
| 942 |
_2ddc _cBK |
||
| 999 |
_c25869 _d25869 |
||